Quranic Principles of Education (Record no. 11082)

MARC details
000 -LEADER
fixed length control field 00607nam a2200241 a 4500
020 ## - INTERNATIONAL STANDARD BOOK NUMBER
ISBN
082 00 - DEWEY DECIMAL CLASSIFICATION NUMBER
Classification number 297.1228
Author Cutter KHA2
100 ## - MAIN ENTRY--AUTHOR NAME
Author name Khan, Mohd Ferdouse
245 ## - TITLE STATEMENT
Title Quranic Principles of Education
260 ## - PUBLICATION, DISTRIBUTION, ETC. (IMPRINT)
Place of publication Rabat
Name of publisher Isesco
Year of publication 1994
300 ## - PHYSICAL DESCRIPTION
Number of Pages 48p
500 ## - GENERAL NOTE
General note includes index and biblioraphy
505 2# - FORMATTED CONTENTS NOTE
Formatted contents note The case of the satanic verses.
650 ## - SUBJECT ADDED ENTRY--TOPICAL TERM
Topical Term Quran and Education
942 ## - ADDED ENTRY ELEMENTS (KOHA)
Koha item type Books
700 1# -
-- Khan, Mohd Ferdouse
Holdings
Collection code Home library Current library Date acquired Cost, normal purchase price Full call number Accession Number Koha item type
  Henry Martyn Institute Library Henry Martyn Institute Library 08/03/2007 100.00 297.1228 KHA2 015613 Books
                   Copyright © 2026 | Henry Martyn Institute | Hyderabad | TS-500052 | INDIA | Implemented by hmi.edu.in
Hit-Count:

Powered by Koha